KOHA-Header-6

International Dictionary of Banking and Finance (Record no. 2789)

000 -LEADER
fixed length control field 00276nam a2200109Ia 4500
008 - FIXED-LENGTH DATA ELEMENTS--GENERAL INFORMATION
fixed length control field 190902s9999||||xx |||||||||||||| ||und||
100 ## - MAIN ENTRY--PERSONAL NAME
Personal name John Clark
245 #0 - TITLE STATEMENT
Title International Dictionary of Banking and Finance
260 ## - PUBLICATION, DISTRIBUTION, ETC. (IMPRINT)
Place of publication, distribution, etc India
Name of publisher, distributor, etc Pearson
Date of publication, distribution, etc 1999
300 ## - PHYSICAL DESCRIPTION
Extent 352
942 ## - ADDED ENTRY ELEMENTS (KOHA)
Koha item type Books
Holdings
Withdrawn status Lost status Source of classification or shelving scheme Damaged status Not for loan Collection code Permanent Location Current Location Shelving location Date acquired Barcode Date last seen Price effective from Koha item type
          Banking MAJU MAJU Shelf No.A45 2019-09-02 6448 2019-09-02 2019-09-02 Banking

Powered by Koha